Lekciji po teorii obyknovennych differenciaľnych uravnenij /

Saved in:
Bibliographic Details
Main Author: Petrovskij, Ivan Georgejevič (Author)
Format: Book
Language:Russian
Published: Moskva : Izdateľstvo Moskovskogo universiteta, 1984
Edition:7.ispr.izd.
Tags: Add Tag
No Tags, Be the first to tag this record!

MARC

LEADER 00000nam a22000003a 4500
001 stu4635
005 20150617225810.5
008 931011s1984----xxr-----------------rus-d
040 |a STU  |b slo 
041 0 |a rus 
044 |a xxr 
080 |a 517.91 
100 1 |a Petrovskij, Ivan Georgejevič  |4 aut 
245 1 |a Lekciji po teorii obyknovennych differenciaľnych uravnenij /  |c [aut.] Petrovskij,I.G 
250 |a 7.ispr.izd. 
260 |a Moskva :  |b Izdateľstvo Moskovskogo universiteta,  |c 1984 
300 |a 295 s 
996 |b E78312  |c E*78312  |l EE03  |s P  |a 0  |w stu4635_0001